000 00393pab a2200145 454500
008 180718b1998 xxu||||| |||| 00| 0 eng d
100 _aBajjaly, Stephen T.
245 _aStrategic information systems planning in the public sector
260 _c1998
300 _ap.75-85
362 _aMar
650 _aPublic sector
773 _aAmerican Review of Public Administration
909 _a37879
999 _c37879
_d37879